000 01316cam a2200385 4500
999 _c24133
_d24133
001 vtls012282851
005 20260107135854.0
008 250917s2025 xo er 000 f slo
020 _a9788057501633
_q(viazané)
040 _aSAVUK
_bslo
_cSAVUK
_dSNK
_erda
041 1 _aslo
_heng
044 _axo
_cSK
072 7 _a821.111(73)-3
_xAmerická próza
_2konspekt
080 _a821.111(73)-31
_22011
080 _a(0:82-312.4)
_22011
100 1 _aBrown, Dan,
_d1964-
_4aut
_95215
240 1 4 _aThe secret of secrets
_lSlovensky
245 1 0 _aPosledné tajomstvo
_cDan Brown ; preložil Matúš Kyčina
246 1 _iObálkový podnázov:
_aRobert Langdon odhaľuje tajomstvá Prahy
264 1 _aBratislava
_bIkar
_c2025
300 _a732 strán
_c22 cm
336 _atext
_btxt
_2rdacontent
337 _abez média
_bn
_2rdamedia
338 _azväzok
_bnc
_2rdacarrier
500 _aPreložené z angličtiny
500 _aObsahuje profesijné údaje o autorovi na záložke prebalu publikácie
655 7 _aamerické romány
_2SNKPH
_92
655 7 _atrilery (romány)
_2SNKPH
_92135
655 7 _aAmerican fiction
_2SNKPHeng
_93
655 7 _aThrillers (novels)
_2SNKPHeng
_91722
700 1 _aKyčina, Matúš
_4trl
_91719
958 _aLX
958 _aUP